| 000 | 00541nam a22001817a 4500 | ||
|---|---|---|---|
| 003 | 0 | ||
| 005 | 20231206135900.0 | ||
| 008 | 231206b xxu||||| |||| 00| 0 eng d | ||
| 020 | _a979-8666-142-493 | ||
| 050 |
_aTR 006.3 _bTou722 2020 |
||
| 082 |
_aTR 006.3 _bTou722 2020 |
||
| 100 | _aTouretzky, David S. | ||
| 245 |
_aHow AI makes choices _cDavid S. Touretzky |
||
| 260 |
_aLas Vegas _bReady AI, LLC _cc2020. |
||
| 300 |
_aunnumbered pages : _bcolored illustrations ; _c29cm. |
||
| 650 | _aArtificial intelligence. | ||
| 942 |
_2ddc _cBK |
||
| 999 |
_c365727 _d365727 |
||